[Event "Friedrichroda op 12th"]
[Site "Friedrichroda"]
[Date "2008.08.07"]
[Round "3"]
[White "Einax, Silvester"]
[Black "Kirves, Bernd"]
[Result "0-1"]
[WhiteElo "832"]
[BlackElo "1236"]
[PlyCount "60"]
[EventDate "2008.08.06"]
[EventType "swiss"]
[EventRounds "7"]
[EventCountry "GER"]
[SourceTitle "CBM 126 Extra"]
[Source "ChessBase"]
[SourceDate "2008.11.05"]
[SourceVersion "1"]
[SourceVersionDate "2008.11.05"]
[SourceQuality "1"]
[WhiteTeam "Attikis Aspropirgos (W)"]
[BlackTeam "Attikis Aspropirgos (W)"]
[WhiteTeamCountry "GRE"]
[BlackTeamCountry "GRE"]

1. e4 c5 2. Nf3 Nc6 3. Bc4 e6 4. Nc3 a6 5. a3 h6 6. d3 Bd6 7. Be3 b5 8. Ba2 Bb7 9. d4 cxd4 10. Bxd4 e5 11. Be3 Bc7 12. Bd5 Nf6 13. 0-0 Rb8 14. a4 b4 15. Ne2 a5 16. c3 Ng4 17. Bc5 d6 18. Bxc6+ Bxc6 19. Ba7 Rb7 20. Rb1 Rxa7 21. h3 Nf6 22. cxb4 axb4 23. Qc2 Bxe4 24. Qc4 Ba5 25. Rbc1 Rc7 26. Qb5+ Ke7 27. Qxa5 Rxc1 28. Qxd8+ Rxd8 29. Rxc1 Nd5 30. Nh4 Ke6 0-1